[Event "Arco op 45th"]
[Site "Arco"]
[Date "2023.10.15"]
[Round "9"]
[White "Bozzao, Francesco"]
[Black "Garlant, Carlo"]
[Result "0-1"]
[WhiteElo "1783"]
[BlackElo "1424"]
[PlyCount "71"]
[EventDate "2023.10.07"]
[EventType "swiss"]
[EventRounds "9"]
[EventCountry "ITA"]
[SourceTitle "Mega2024 Update 01"]
[Source "Chessbase"]
[SourceDate "2023.11.12"]
[SourceVersion "1"]
[SourceVersionDate "2023.11.12"]
[SourceQuality "1"]

1. d4 d5 2. c4 c6 3. Nf3 Nf6 4. Nc3 dxc4 5. a4 Bf5 6. e3 e6 7. Bxc4 Bb4 8. 0-0 Nbd7 9. Na2 Be7 10. Qe2 0-0 11. Nc3 Ne4 12. Nd2 Ndf6 13. Ndxe4 Bxe4 14. Nxe4 Nxe4 15. Qc2 Nf6 16. Bd2 Bd6 17. Be2 Bc7 18. a5 Qd6 19. g3 a6 20. Bf3 Rab8 21. Rfc1 Rfd8 22. Bc3 Nd5 23. e4 Nxc3 24. bxc3 Rd7 25. Rd1 Qe7 26. c4 Qf6 27. Qc3 Rbd8 28. e5 Qg5 29. Rab1 Bb8 30. Bg2 Bxe5 31. Qe3 Qf6 32. d5 exd5 33. Re1 Re7 34. Qb6 Rde8 35. Red1 dxc4 36. Bf1 0-1

[Event "Campalto CIS 54th Serie C12"]
[Site "Campalto"]
[Date "2023.05.21"]
[Round "5.2"]
[White "Bozzao, Francesco"]
[Black "Gibellato, Francesco"]
[Result "1/2-1/2"]
[WhiteElo "1785"]
[BlackElo "1822"]
[PlyCount "47"]
[EventDate "2023.05.19"]
[EventType "team-tourn"]
[EventRounds "5"]
[EventCountry "ITA"]
[SourceTitle "EXT 2024"]
[Source "ChessBase"]
[SourceDate "2023.10.10"]
[SourceVersion "1"]
[SourceVersionDate "2023.10.10"]
[SourceQuality "1"]
[WhiteTeam "Mestre Capa Boys"]
[BlackTeam "Campalto Zichichi"]
[WhiteTeamCountry "ITA"]
[BlackTeamCountry "ITA"]

1. d4 Nf6 2. c4 e5 3. dxe5 Ng4 4. Nf3 Nc6 5. e3 Bc5 6. a3 a5 7. Qd5 Qe7 8. Be2 Ngxe5 9. Nc3 d6 10. Nxe5 Nxe5 11. b3 0-0 12. 0-0 c6 13. Qd1 Bf5 14. Bb2 Rad8 15. e4 Bg6 16. Kh1 f5 17. f4 Nd7 18. Bh5 Bxh5 19. Qxh5 fxe4 20. Rae1 Nf6 21. Qg5 Rd7 22. Na4 Ba7 23. Qxa5 b5 24. Bxf6 1/2-1/2

[Event "Arco op 43rd"]
[Site "Arco"]
[Date "2021.10.17"]
[Round "9"]
[White "Bozzao, Francesco"]
[Black "Verrascina, Roberto"]
[Result "0-1"]
[WhiteElo "1842"]
[BlackElo "2055"]
[PlyCount "62"]
[EventDate "2021.10.09"]
[EventType "swiss"]
[EventRounds "9"]
[EventCountry "ITA"]
[SourceTitle "EXT 2023"]
[Source "ChessBase"]
[SourceDate "2022.10.05"]
[SourceVersion "1"]
[SourceVersionDate "2022.10.05"]
[SourceQuality "1"]

1. d4 g6 2. Nf3 Bg7 3. e4 d6 4. h3 Nd7 5. Be2 e5 6. c3 Ngf6 7. Qc2 Qe7 8. Nbd2 0-0 9. 0-0 exd4 10. cxd4 c5 11. Bb5 cxd4 12. Bxd7 Nxd7 13. Nb3 Nc5 14. Bg5 Qxe4 15. Qxe4 Nxe4 16. Bf4 d3 17. Rfe1 d5 18. Red1 Bxb2 19. Rab1 Nc3 20. Rxb2 Nxd1 21. Rd2 Nc3 22. Be5 Ne4 23. Rxd3 Be6 24. Bd4 b6 25. Ne5 Rac8 26. f3 Nc5 27. Re3 Rfe8 28. Nc1 f6 29. Ned3 Bf5 30. Nxc5 Rxe3 31. Bxe3 bxc5 0-1

[Event "Mestre CIS 53rd"]
[Site "Mestre"]
[Date "2021.09.17"]
[Round "3.3"]
[White "Gallo, Fausto"]
[Black "Bozzao, Francesco"]
[Result "0-1"]
[WhiteElo "1296"]
[BlackElo "1839"]
[PlyCount "50"]
[EventDate "2021.09.17"]
[EventType "team-swiss"]
[EventRounds "6"]
[EventCountry "ITA"]
[SourceTitle "EXT 2023"]
[Source "ChessBase"]
[SourceDate "2022.10.05"]
[SourceVersion "1"]
[SourceVersionDate "2022.10.05"]
[SourceQuality "1"]
[WhiteTeam "Belluno Il Pedone"]
[BlackTeam "Mestre Capa Boys"]
[WhiteTeamCountry "ITA"]
[BlackTeamCountry "ITA"]

1. d4 d5 2. c4 e6 3. Nc3 c5 4. Nf3 Nc6 5. e3 Nf6 6. cxd5 exd5 7. Be2 Be7 8. 0-0 0-0 9. b3 b6 10. Bb2 Bb7 11. Rc1 Rc8 12. Bd3 g6 13. Be2 Re8 14. a3 Bf8 15. Na4 Ne4 16. Nc3 cxd4 17. Nxd4 Nxd4 18. Qxd4 Bg7 19. Qd3 d4 20. Nd1 Rxc1 21. Bxc1 Nc5 22. Qb1 d3 23. Bf3 Bxf3 24. gxf3 Qg5+ 25. Kh1 Qd5 0-1

[Event "Arco op 37th"]
[Site "Arco"]
[Date "2015.10.14"]
[Round "5"]
[White "Bozzao, Francesco"]
[Black "Moro, Roberto"]
[Result "1-0"]
[WhiteElo "1883"]
[BlackElo "1722"]
[PlyCount "33"]
[EventDate "2015.10.10"]
[EventType "swiss"]
[EventRounds "9"]
[EventCountry "ITA"]
[SourceTitle "CBM 168 Extra"]
[Source "ChessBase"]
[SourceDate "2015.10.29"]
[SourceVersion "1"]
[SourceVersionDate "2015.10.29"]
[SourceQuality "1"]

1. d4 d6 2. Nf3 Nf6 3. Nc3 g6 4. h3 Bg7 5. e4 b6 6. Bf4 Bb7 7. Bd3 Nbd7 8. 0-0 0-0 9. Qd2 c5 10. d5 Ne8 11. Bh6 e6 12. Bxg7 Kxg7 13. dxe6 fxe6 14. Ng5 Qf6 15. Bc4 Nc7 16. Qxd6 Qxg5 17. Qxc7 1-0

[Event "Arco op 37th"]
[Site "Arco"]
[Date "2015.10.12"]
[Round "3"]
[White "Bozzao, Francesco"]
[Black "Ager, Josef"]
[Result "0-1"]
[WhiteElo "1883"]
[BlackElo "2087"]
[PlyCount "112"]
[EventDate "2015.10.10"]
[EventType "swiss"]
[EventRounds "9"]
[EventCountry "ITA"]
[SourceTitle "CBM 168 Extra"]
[Source "ChessBase"]
[SourceDate "2015.10.29"]
[SourceVersion "1"]
[SourceVersionDate "2015.10.29"]
[SourceQuality "1"]

1. d4 Nf6 2. Nf3 g6 3. Nc3 d5 4. g3 Bg7 5. Bg2 0-0 6. 0-0 Ne4 7. Nxe4 dxe4 8. Ne5 f6 9. Nc4 f5 10. c3 Be6 11. Na5 b6 12. Nb3 a5 13. Bf4 Nd7 14. Qd2 Re8 15. f3 Nf6 16. Be5 Bd5 17. Rad1 a4 18. Nc1 b5 19. Qe3 Qd7 20. Qf2 Ra6 21. e3 Qc6 22. Bxf6 exf6 23. f4 a3 24. Qd2 axb2 25. Qxb2 Rea8 26. Rf2 Bf8 27. Bf1 Ra5 28. Rc2 Kg7 29. Qb1 Bd6 30. Nb3 R5a7 31. Nc1 Rb7 32. Nb3 Bc4 33. Nd2 Bd3 34. Bxd3 exd3 35. Rb2 Qxc3 36. Rc1 Qa3 37. Rb3 Qxa2 38. Qxd3 Ra3 39. Rcb1 Rxb3 40. Rxb3 Qa5 41. Nf3 Rb8 42. Qc2 Qa8 43. Nd2 Re8 44. Qd3 Qd5 45. Kf2 c6 46. Qc2 Ra8 47. Nf3 Ra6 48. Qb1 b4 49. Nd2 Ra3 50. Qc2 Qh1 51. Nf3 Ra1 52. Qe2 g5 53. fxg5 fxg5 54. d5 g4 55. Qb2+ Kg8 56. Nd2 Qxh2# 0-1

[Event "Mogliano Veneto op-B 34th"]
[Site "Mogliano Veneto"]
[Date "2013.04.28"]
[Round "6"]
[White "Rossi, Gianni"]
[Black "Bozzao, Francesco"]
[Result "0-1"]
[WhiteElo "1822"]
[BlackElo "1857"]
[PlyCount "64"]
[EventDate "2013.04.25"]
[EventType "swiss"]
[EventRounds "6"]
[EventCountry "ITA"]
[SourceTitle "EXT 2015"]
[Source "ChessBase"]
[SourceDate "2014.11.20"]
[SourceVersion "1"]
[SourceVersionDate "2014.11.20"]
[SourceQuality "1"]

1. d4 d5 2. e4 dxe4 3. Nc3 Nf6 4. f3 exf3 5. Nxf3 Bg4 6. h3 Bxf3 7. Qxf3 c6 8. Qf2 e6 9. Bg5 Bb4 10. Bd3 h6 11. Qh4 Nbd7 12. 0-0 Bxc3 13. bxc3 Qa5 14. Bd2 g5 15. Qf2 Qc7 16. c4 a5 17. d5 cxd5 18. cxd5 0-0 19. c4 exd5 20. Qd4 Ne4 21. Bxe4 dxe4 22. Bc3 Qc5 23. Qxc5 Nxc5 24. Rf6 Ra6 25. Rxa6 bxa6 26. Bxa5 Rc8 27. Rf1 Nd3 28. Rf6 Rxc4 29. Rxh6 Rc1+ 30. Kh2 e3 31. Rxa6 e2 32. Ra8+ Kh7 0-1

[Event "Padova op-A 15th"]
[Site "Padova"]
[Date "2012.12.23"]
[Round "9"]
[White "Bonan, Yves"]
[Black "Bozzao, Francesco"]
[Result "1/2-1/2"]
[WhiteElo "1891"]
[BlackElo "1857"]
[PlyCount "79"]
[EventDate "2012.12.16"]
[EventType "swiss"]
[EventRounds "9"]
[EventCountry "ITA"]
[SourceTitle "EXT 2024"]
[Source "ChessBase"]
[SourceDate "2023.10.10"]
[SourceVersion "1"]
[SourceVersionDate "2023.10.10"]
[SourceQuality "1"]

1. Nf3 Nf6 2. g3 c5 3. c4 g6 4. Bg2 Nc6 5. Nc3 Bg7 6. 0-0 0-0 7. d3 d6 8. Rb1 Rb8 9. a3 a6 10. Bg5 b5 11. cxb5 axb5 12. Nd2 Bd7 13. Nde4 Nxe4 14. Bxe4 h6 15. Bd2 Qc7 16. Qc1 Bh3 17. Bxh6 Bxf1 18. Bxg7 Kxg7 19. Qxf1 Rh8 20. Bg2 b4 21. Ne4 bxa3 22. bxa3 Nd4 23. Rxb8 Qxb8 24. Qa1 e5 25. e3 Nb3 26. Qc3 Rd8 27. Ng5 Rd7 28. Bd5 c4 29. Qxc4 Nd2 30. Qa2 Qb1+ 31. Qxb1 Nxb1 32. a4 Nc3 33. Bc6 Rc7 34. Be8 Kf8 35. Bxf7 Rxf7 36. Nxf7 Kxf7 37. a5 Ke7 38. f4 exf4 39. gxf4 Kd7 40. Kf2 1/2-1/2

[Event "Arco op 33rd"]
[Site "Arco"]
[Date "2011.10.22"]
[Round "1"]
[White "Bozzao, Francesco"]
[Black "Kierzek, Matthias"]
[Result "1/2-1/2"]
[WhiteElo "1830"]
[BlackElo "2152"]
[PlyCount "47"]
[EventDate "2011.10.22"]
[EventType "swiss"]
[EventRounds "9"]
[EventCountry "ITA"]
[SourceTitle "EXT 2024"]
[Source "ChessBase"]
[SourceDate "2023.10.10"]
[SourceVersion "1"]
[SourceVersionDate "2023.10.10"]
[SourceQuality "1"]

1. d4 d5 2. Nf3 Nf6 3. c4 e6 4. g3 dxc4 5. Qa4+ Bd7 6. Qxc4 Nc6 7. Bg2 Rc8 8. 0-0 Na5 9. Qd3 c5 10. dxc5 Bxc5 11. a3 Qb6 12. Nc3 Nb3 13. Rb1 Nxc1 14. Rbxc1 Qxb2 15. Ne5 Qxa3 16. Nxd7 Nxd7 17. Rfd1 Rd8 18. Bxb7 0-0 19. Qc2 Bb6 20. Ne4 Qe7 21. e3 Ne5 22. Ba6 g5 23. Qc3 f6 24. Nxg5 1/2-1/2